| 000 | 00613nam a2200193Ia 4500 | ||
|---|---|---|---|
| 003 | IN-BaIIA | ||
| 008 | 211028s9999 xx 000 0 eng d | ||
| 040 | _cIIA Library | ||
| 080 |
_a52-735 _bXRA |
||
| 100 |
_aOda, Minoru _915253 |
||
| 245 | 0 |
_aX-ray Astronomy '84 _cMinoru Oda |
|
| 260 |
_aTokyo _bInstitute of Space and Astronautical Sciences _c1984 |
||
| 300 | _a[various pagings.] | ||
| 650 | _aAstronomy and astrophysics thesaurus | ||
| 650 |
_aSpace astronomy _93005 |
||
| 650 |
_aX-ray astronomy _97473 |
||
| 650 |
_aX-ray telescopes _915254 |
||
| 942 | _cBK | ||
| 999 |
_c9078 _d9078 |
||